000 nam a22 7a 4500
999 _c10263
_d10263
008 180213b ||||| |||| 00| 0 eng d
100 _aYdav, R C
_96246
245 _aMathematics for class - V
260 _aNew Delhi
_bArya Publication
_c2013